000 00468nam a2200181Ia 4500
005 20250326123930.0
008 250326s9999 xx 000 0 und d
037 _aTextbook
040 _aFMSL
_beng
_cFMSL
041 _aeng
_2eng
084 _aT:2 K6
_qFMSL
100 _aInlow G M
_9736421
245 0 _aEmergent in curriculum
_cInlow G M
260 _aNY
_bNY, John Wiley
_c1966
300 _a353p
942 _cTB
_hT:2 K6
999 _c1271540
_d1271540